Normal view
MARC view
- التربية-علم إجتماع
Entry Topical Term
001 - CONTROL NUMBER
- control field: 36044
003 - CONTROL NUMBER IDENTIFIER
- control field: JO-AjAnu
005 - DATE AND TIME OF LATEST TRANSACTION
- control field: 20230606080025.0
008 - FIXED-LENGTH DATA ELEMENTS
- fixed length control field: 230606|| aca||aabn | a|a d
040 ## - CATALOGING SOURCE
- Original cataloging agency: JO-AjAnu
- Transcribing agency: JO-AjAnu
150 ## - HEADING--TOPICAL TERM
- Topical term or geographic name entry element: التربية-علم إجتماع
670 ## - SOURCE DATA FOUND
- Source citation: Work cat.: (JO-AjAnu)18507: أحمد،عبد السميع سيد مؤلف/عمار،حامد مقدم, author 36043, دراسات في علم الإجتماع التربوي